Normal view
MARC view
- السيرة النبوية- الصحابة- التاريخ الاسلامي- الحكمة
Entry Topical Term
001 - CONTROL NUMBER
- control field: 14312
003 - CONTROL NUMBER IDENTIFIER
- control field: JO-AjAnu
005 - DATE AND TIME OF LATEST TRANSACTION
- control field: 20230606072603.0
008 - FIXED-LENGTH DATA ELEMENTS
- fixed length control field: 230606|| aca||aabn | a|a d
040 ## - CATALOGING SOURCE
- Original cataloging agency: JO-AjAnu
- Transcribing agency: JO-AjAnu
150 ## - HEADING--TOPICAL TERM
- Topical term or geographic name entry element: السيرة النبوية- الصحابة- التاريخ الاسلامي- الحكمة
670 ## - SOURCE DATA FOUND
- Source citation: Work cat.: (JO-AjAnu)7354: ضبط ومراجعة: مدغمش، جمال عبد الغني, author 14311, حكم الإمام علي بن أبي طالب ومواعظه